Tratado de derecho civil argentino : (Registro nro. 64993)
[ vista simple ]
| 000 - Líder | |
|---|---|
| Campo de control de longitud fija | 00806nam a22002537a 4500 |
| 003 - Identificador de número de control | |
| Campo de control | OSt |
| 005 - Fecha y hora de la última transacción | |
| Campo de control | 20260528090313.0 |
| 008 - Elementos de datos de longitud fija - Información general | |
| Campo de control de longitud fija | 260528b ar ||||| |||| 00| 0 spa d |
| 040 ## - Fuente de catalogación | |
| Agencia de catalogación | HCSPBA |
| 041 ## - Código de idioma | |
| Idioma | Español |
| 942 ## - Elementos de entrada adicional | |
| Tipo de ítem | LIBROS |
| 100 ## - Autor | |
| Nombre personal | Salvat, Raymundo M. |
| 245 ## - Título propiamente dicho | |
| Título | Tratado de derecho civil argentino : |
| Resto del título | Derechos reales. |
| Número de parte/sección de una obra | Tomo 2. |
| 260 ## - Publicación, Distribución, etc. | |
| Lugar de publicación, distribución, etc. | Buenos Aires. |
| Fecha de publicación, distribución, etc. | 1932. |
| Nombre del editor, distribuidor, etc. | Jesús Menéndez. |
| 300 ## - Descripción física | |
| Extensión | v. |
| 505 ## - Nota de contenido formateado | |
| Nota de contenido/Índice | Indice |
| 505 ## - Nota de contenido formateado | |
| Nota de contenido/Índice | Parte IV. Desmembraciones de la propiedad |
| 505 ## - Nota de contenido formateado | |
| Nota de contenido/Índice | Parte V. Acciones reales |
| 505 ## - Nota de contenido formateado | |
| Nota de contenido/Índice | Parte VI. Derechos reales de garantía |
| 505 ## - Nota de contenido formateado | |
| Nota de contenido/Índice | Parte VII. Publicidad de los derechos reales |
| 505 ## - Nota de contenido formateado | |
| Nota de contenido/Índice | Parte VIII. Privilegios. Derechos de retención |
| 505 ## - Nota de contenido formateado | |
| Nota de contenido/Índice | Parte IX. Leyes que rigen los derechos reales |
| 650 ## - Asunto - Temas | |
| Tema | DERECHO CIVIL |
| 999 ## - | |
| -- | 64993 |
| -- | 134462 |
| Biblioteca depositaria | Tipo de ítem | Colección | Signatura topográfica | Código de barra | Préstamo - Restricciones | Fecha de adquisición |
|---|---|---|---|---|---|---|
| Biblioteca Legislativa y Pública "Eva Perón" | LIBROS | Fondo general | 1476 T.2 | LEG-LIB-032375 | Sala de lectura | 28.05.2026 |